000 01157nam a22003497a 4500
003 CHAP
005 20220329141228.0
008 971010s1985 r 00010 d
010 _a64766
011 _a65738
035 _a73035
040 _cCHAP
082 0 4 _a628.53
_bT8Y
100 0 0 _aTurk, Amos.
_9115626
245 1 _aEcología, contaminación, medio ambiente
260 _aMéxico, D. F. :
_bInteramericana,
_c1985
300 _a227 p.
_b: ilus. ; gráfs.
590 _aBATCH-UPD
_b10
_c20130110
_lUCH01
_h0537
590 _aBATCH-UPD
_b10
_c20130410
_lUCH01
_h0218
590 _aBATCH-UPD
_b10
_c20130913
_lUCH01
_h2329
590 _aCONVERSION
_b10
_c20130109
_lUCH01
_h1335
650 1 4 _aAgua
_xContaminación.
_92351
650 1 4 _aAire
_xContaminación.
_93138
650 1 4 _aEcología.
_935134
700 0 _aTurk, Jonathan.
_9115629
700 0 _aWittes, T.
_9122382
901 _aBK
942 _cLIBRO
949 _a628.53 T8Y
_bBC
_cLIBRO
_d33724000579363
_eLIBRO
_fc.2
_h65478
_i73035
_si
949 _a628.53 T8y
_bBC
_cLIBRO
_d33724002316876
_eLIBRO
_fc.3
_gDonaciØn
_h116108
_i73035
_sb
949 _a628.53 T8Y
_bBC
_cMUT
_d-148878
_eMUT
_h65477
_i73035
_si
999 _c64766
_d64766